Loading...
ആകാശ ഊഞ്ഞാൽ
| Main Author: | |
|---|---|
| Other Authors: | |
| Format: | Printed Book |
| Published: |
Kottayam
DC
2016
|
| Subjects: |
| LEADER | 00525nam a22001577a 4500 | ||
|---|---|---|---|
| 020 | |a 9788126465828 | ||
| 082 | |a M894.812 3 |b GEO/A | ||
| 100 | |a ജോർജ് ഓണക്കൂർ | ||
| 245 | |a ആകാശ ഊഞ്ഞാൽ | ||
| 260 | |a Kottayam |b DC |c 2016 | ||
| 300 | |a 78p. | ||
| 650 | |a Akasha oonjal | ||
| 700 | |a George Onakkoor | ||
| 942 | |c BK | ||
| 999 | |c 43412 |d 43412 | ||
| 952 | |0 0 |1 0 |4 0 |6 M_894_812000000000000_3_GEOA |7 0 |8 Stack |9 47361 |a KUCL |b KUCL |c Stack |d 2017-03-20 |g 70.00 |l 0 |o M894.812 3 GEO/A |p 44282 |r 2017-03-20 |w 2017-03-20 |y BK | ||